000 00644nam a22002297a 4500
005 20170124110050.0
010 _a144540
020 _c00.00
035 _a144540
037 _bCen Lib/Ret
040 _aDPL
_bEN
082 _a745.58
_bSCO
100 _aScott, O. R.
_925248
245 _aBasketry step by step /
_cby O. R. Scott
260 _aLondon
_bPitman and Sons
_c1958
270 _bLondon
_aParker Street, Kingsway
300 _aviii,92p. :
_c21cm(Hb)
_bill.
500 _aInclude index
650 _aBasket making--Economic aspects
_925249
650 _aBasket making
_925250
942 _2ddc
_cEN
_h745.58
_mSCO
999 _c129057
_d129057